|
|
|
|
| LEADER |
01423cam a2200289 i 4500 |
| 001 |
GR-AiPI-206133 |
| 003 |
GR-PaULI |
| 005 |
20230118154840.0 |
| 008 |
101013s2004 gr f gre d |
| 952 |
|
|
|0 0
|1 0
|2 ddc
|4 0
|6 636_085000000000000_ΚΑΛ
|7 0
|9 18385
|a LISA
|b LISA
|c BSC
|d 2016-04-24
|l 0
|o 636.085 ΚΑΛ
|p 026000302919
|r 2016-04-24 00:00:00
|t 1
|v 2016.00
|w 2016-04-24
|y BK15
|
| 999 |
|
|
|c 10223
|d 10223
|
| 020 |
|
|
|a 9603515205
|
| 040 |
|
|
|a GR-PaULI
|b gre
|c GR-PaULI
|d GR-AiPI
|e AACR2
|
| 041 |
0 |
|
|a gre
|
| 082 |
0 |
4 |
|a 636.085
|2 21
|
| 100 |
1 |
|
|a Καλαϊσάκης, Περικλής Ν.
|e συγγραφέας.
|9 16984
|
| 245 |
1 |
0 |
|a Διατροφή αγροτικών ζώων /
|c Π. Καλαϊσάκη, Γ. Ζέρβα, Κ. Φεγγερού.
|
| 250 |
|
|
|a 2η έκδ., βελτ.
|
| 260 |
|
|
|a Αθήνα :
|b Σταμούλης,
|c 2004.
|
| 300 |
|
|
|a 305 σ. :
|b πίν., σχ. ;
|c 24 εκ.
|
| 500 |
|
|
|a Εργαστήριο διατροφής ζώων του τμήματος Ζωϊκής Παραγωγής του Γεωπονικού Πανεπιστημίου Αθηνών.
|
| 504 |
|
|
|a Περιλαμβάνει βιβλιογραφία: σ. 303-305.
|
| 650 |
|
4 |
|a Ζώα
|x Διατροφή
|9 18304
|
| 700 |
1 |
|
|a Ζέρβας, Γιώργος Παν.
|d (1951-)
|9 22107
|e συγγραφέας.
|
| 700 |
1 |
|
|a Φεγγερός, Κώστας
|9 22108
|e συγγραφέας.
|
| 942 |
|
|
|2 ddc
|c BK15
|
| 998 |
|
|
|c ΛΟΥΚΟΠΟΥΛΟΥ
|d 2020-07
|